| 000 | 00870cab a2200265 4500 | ||
|---|---|---|---|
| 001 | ABS45815 | ||
| 008 | 090401t1992 xxu||||| |||| 00| 0 eng d | ||
| 035 | _a(Sirsi) u55199 | ||
| 041 | _aeng | ||
| 100 | _aTownsend, P. | ||
| 245 | _aCounting the cost | ||
| 260 | _c1992 | ||
| 350 | _a0 | ||
| 490 |
_aBuilding _vRoofing Supplement 28 February 1992, 16-18(3) |
||
| 520 | _aReviews Turner and Townsend`s method of calculating roof life cycle costs showing how they categorise various roof forms and gives typical repair costs. | ||
| 650 | _aBUILT ENVIRONMENT-BUILDING MATERIALS | ||
| 650 | _aLIFE CYCLE COSTING | ||
| 650 | _aLIFE EXPECTANCY | ||
| 650 | _aREPAIRS | ||
| 650 | _aROOFING | ||
| 650 | _aBUILT ENVIRONMENT-BUILDING ELEMENTS-COMPLETE BUILDING ELEMENTS-ROOFS | ||
| 690 | _aBUILT ENVIRONMENT-BUILDING COSTS | ||
| 942 | _n0 | ||
| 948 | _c04/03/1997 | ||
| 999 |
_c33730 _d33730 |
||